000 00580nam a22001697a 4500
005 20251108165003.0
008 250721s1993 xx 000 0 ara d
082 1 4 _a216/عبد
100 1 _aالعطار، عبد الناصر توفيق
245 1 0 _aتطبيق الشريعة الإسلامية في العالم الإسلامي /
264 1 _aالقاهره :
_bدار الفضيله للنشر و التوزيع و التصدير،
_c1993.
300 _a120ص
650 1 7 _aالإسلام
650 1 7 _aالفقه الإسلامي
942 _2ddc
_cBK
999 _c19176
_d19176